00000000cam 2200000zi 4500
0019.956870
003CaOODSP
00520251212085142
006m     o  d f      
007cr cn|||||||||
008251029e202511  bccabd  ob   f000 0 eng d
020 |a9780660795409
040 |aCaOODSP|beng|erda|cCaOODSP
043 |an-cn-bc
0861 |aFs70-6/2025-056E-PDF
24500|aReview of the stock definition and design of the shrimp trawl survey for stock monitoring in British Columbia.
24637|aStock definition and shrimp trawl survey design in B.C.
264 1|aNanaimo, BC : |bCanadian Science Advisory Secretariat, |cNovember 2025.
264 4|c©2025
300 |a1 online resource (17 pages) : |billustration, maps, graphs.
336 |atext|btxt|2rdacontent
337 |acomputer|bc|2rdamedia
338 |aonline resource|bcr|2rdacarrier
4901 |aScience advisory report, |x1919-5087 ; |v2025/056
500 |aCaption title.
500 |aIssued also in French under title: Examen de la définition des stocks et du plan du relevé au chalut sur la crevette pour la surveillance des stocks en Colombie-Britannique.
500 |aThe publication file in PDF format has been replaced on 11 December 2025 as requested by the Department of Fisheries and Oceans.
504 |aIncludes bibliographical references (pages 8-9).
650 0|aShrimp fisheries|zBritish Columbia.
650 0|aShrimp populations|zBritish Columbia.
650 0|aTrawls and trawling|zBritish Columbia.
7102 |aCanadian Science Advisory Secretariat, |eissuing body.
7101 |aCanada. |bDepartment of Fisheries and Oceans. |bPacific Region, |eissuing body.
77508|tExamen de la définition des stocks et du plan du relevé au chalut sur la crevette pour la surveillance des stocks en Colombie-Britannique.|w(CaOODSP)9.956872
830#0|aScience advisory report (Canadian Science Advisory Secretariat)|x1919-5087 ; |v2025/056.|w(CaOODSP)9.506226
85640|qPDF|s1.23 MB|uhttps://publications.gc.ca/collections/collection_2025/mpo-dfo/fs70-6/Fs70-6-2025-056-eng.pdf